000 00422nam a2200181Ia 4500
001 15744
005 20260306170218.0
008 260306t1975||||xx |||||||||||||| ||und||
041 _aESP
082 _a604.2
_bS74A
100 _aSpencer, Henry Cecil
_eAUT
245 0 _aDibujo técnico básico
260 _c1975
300 _a511 páginas :
_c25 cm.
650 _aGEN
654 _aCAU
942 _cLIB
_dJUS
_fJUS
_2ddc
_n
999 _c15744
_d15744